000 01059nam a22002777a 4500
001 7165
003 FISKH
005 20250701082552.0
008 250701b cb ||||| |||| 00| 0 eng d
020 _a051487003954
040 _aFISKH
_beng
_cFISKH
_dFISKH
050 _aPZ7
082 _a 813
100 _aKoehler-Pentacoff, Elizabeth
245 _aWish magic /
_cby Elizabeth Koehler-Pentacoff ; illustrated by R. W. Alley
260 _aUnited States :
_bLittle Rainbow,
_c1996.
300 _a75 pages :
_bcolor illustrations ;
_c20 cm
505 _aN
520 _aMeg doesn't suspect a thing when her weird brother, Morris gives her a powdered doughnut one morning. But right after she eats the doughnut, strange things start happening. Meg realizes that the breakfast treat has given her special powers - everything she wishes for comes true!
521 8 _a530
_bLexile estimate
521 8 _aN
_bRaz-Plus
650 _aFriendship
_vFantasy
_xMagical realism
700 _aAlley, R. W.
942 _2ddc
_cBK
_n0
999 _c7165
_d7165